| 000 | 01140nam a2200313 i 4500 | ||
|---|---|---|---|
| 001 | 000005875 | ||
| 003 | DO-SdBNP | ||
| 005 | 20240826111558.0 | ||
| 007 | ta | ||
| 008 | 090824s2000 dr d 000 0 spa d | ||
| 020 | _a9993400300 | ||
| 040 |
_aDO-SdBNP _bspa _cBNPHU _erda |
||
| 041 | _aspa | ||
| 082 | 4 |
_a346.04303 _bS232v _222 |
|
| 100 | 1 |
_aSantana Polanco, Víctor A., _d1965- _916567 _eautor |
|
| 245 | 1 | 0 |
_aVocabulario doctrinal en materia de tierras / _cVíctor A. Santana Polanco ; prefacio, Franklin García Fermín. |
| 264 | 1 |
_aSanto Domingo : _bCocolo Editorial, _c©2000. |
|
| 300 |
_a145 páginas ; _c21 cm. |
||
| 336 |
_2rdacontent _atexto _btxt |
||
| 337 |
_2rdamedia _asin mediación _bn |
||
| 338 |
_2rdacarrier _avolumen _bnc |
||
| 500 | _aIncluye datos biográficos del autor en las solapas | ||
| 590 | _aInventariado, 2021 / DG | ||
| 650 | 4 |
_aPropiedad de la tierra _xLegislación _vDiccionarios _xEspañol _916568 |
|
| 650 | 4 |
_aUso de la tierra _xLegislación _vDiccionarios _xEspañol _916569 |
|
| 700 | 1 |
_aGarcía Fermín, Franklin, _eprefacio _96422 |
|
| 910 | _aValidado. Control de calidad MFF | ||
| 942 |
_2ddc _cLBS1 |
||
| 999 |
_c5671 _d5671 |
||